=LDR 00000nam 2200000 4500 =001 INLIS000000000001192 =005 20230403094316 =035 ##$$a 0010-0423000004 =007 ta =008 230403################g##########0#ind## =020 ##$$a 978-602-06-3782-2 =082 ##$$a 611.018 166 =084 ##$$a 611.018 166 MUR r =100 1#$$a Murakami, Kazuo =245 1#$$a Rahasia DNA : $b Kode Bentuk Kehidupan Manusia /$c Kazuo Murakami =250 ##$$a - =260 ##$$a Jakarta :$b Gramedia,$c 2021 =300 ##$$a xxxv, 152 : $b ilustrasi ; $c 21 cm$e - =650 #4$$a Kesehatan =520 ##$$a Buku ini menjelaskan tentang informasi ginetik manusia pada DNA